AH International Schools' Libraries

We are the Romans: (Record no. 47954)

MARC details
000 -LEADER
fixed length control field 00410nam a2200121 4500
020 ## - INTERNATIONAL STANDARD BOOK NUMBER
International Standard Book Number 9781783126057
100 ## - MAIN ENTRY--PERSONAL NAME
Personal name Long, David
9 (RLIN) 85759
245 ## - TITLE STATEMENT
Title We are the Romans:
Remainder of title meet the people behind the history /
Statement of responsibility, etc David Long & Allen Fatimaharan
260 ## - PUBLICATION, DISTRIBUTION, ETC. (IMPRINT)
Place of publication, distribution, etc London
Name of publisher, distributor, etc Welbeck Publishing
Date of publication, distribution, etc 2021
300 ## - PHYSICAL DESCRIPTION
Extent 62 p.
Other physical details col. ill.
Dimensions 26 cm.
650 ## - SUBJECT ADDED ENTRY--TOPICAL TERM
Topical term or geographic name as entry element History of ancient world
Form subdivision Juvenile Literature
9 (RLIN) 85760
942 ## - ADDED ENTRY ELEMENTS (KOHA)
Source of classification or shelving scheme
Koha item type Book
Holdings
Withdrawn status Lost status Source of classification or shelving scheme Damaged status Not for loan Collection code Home library Current library Shelving location Date acquired Total Checkouts Full call number Barcode Date last seen Price effective from Koha item type
          TEACHERS' RESOURCES Asian Hope Primary Library Asian Hope Primary Library Non Fiction 11/26/2024   932 LON 207166 11/26/2024 11/26/2024 Book

For any Logos Library related questions please contact Miss Art at swongnarasuk@asianhope.org.

For any Asian Hope Library related questions please contact Miss Raza at graza@asianhope.org.

Click here to explore our ebooks!

Powered by Koha